Vnímanie udržateľnosti luxusných značiek spotrebiteľmi generácie Y a Z diplomová práca

Salvato in:
Dettagli Bibliografici
Autore principale: Pidíková, Nikola
Ente Autore: Obchodná fakulta EU. Katedra marketingu
Altri autori: Klepochová, Dagmar, 1968-
Natura: Libro
Lingua:slovacco
Pubblicazione: Bratislava 2023
Tags: Aggiungi Tag
Nessun Tag, puoi essere il primo ad aggiungerne!!

MARC

LEADER 00000nbm a2200000 4500
001 0293760
005 20240112083703.4
041 0 |a slo 
044 |a SK 
245 1 0 |a Vnímanie udržateľnosti luxusných značiek spotrebiteľmi generácie Y a Z  |b diplomová práca  |c Nikola Pidíková ; školiteľ: Dagmar Klepochová 
264 1 |a Bratislava  |c 2023 
300 |a 79 s. 
100 1 |a Pidíková, Nikola 
700 1 |a Klepochová, Dagmar, 1968- 
710 2 |a Obchodná fakulta EU. Katedra marketingu